Материалы по финансовым мероприятиям в Польше с приложением "общей росписи доходов и расходов царства Польского". /на польск. и ...

Доступно только в Электронных читальных залах Найти на картеНа карте
RUSMARC
00004365nmc2a22002773x 450
0012485d74a-3228-48d4-bbba-97f449b0c514
00520211220194610.0
100##$a20211122l18631865k y0rusy50 ca
1010#$arus
$apol
102##$aRU
105##$aa z |||||
1222#$ad18631231
$ad18651231
2001#$aМатериалы по финансовым мероприятиям в Польше с приложением "общей росписи доходов и расходов царства Польского". /на польск. и русск. яз./
$j1863-1865
215##$a136 листов
$cтабл.
251##$cДело
300##$aЗаголовок дела на папке: Материалы, касающиеся финансовых мероприятий в Царстве Польском. Общая роспись доходов и расходов Царства Польского. 1863-1865 г.
300##$aТекст на русском и польском языках
300##$aНапечатано типографским способом
330##$aВходит в раздел описи: 1. Материалы о служебной деятельности. с/ Польша
461#0$1001702d5e87-6901-4c63-8165-d848da7b6444
$12001
$aАрцимович Виктор Антонович, сенатор, Тобольский (1854-1858 гг.) и Калужский (1858-1862 гг.) губернатор, вице-председатель государственного совета Царства Польского (С 1863 г.)
$1251
$cФонд
$1852
$j815
462#0$1001559b76c2-49f1-4f4f-bd3c-238599c7510c
$12001
$aДела постоянного хранения. 1821-1891
$vД. 310
$1251
$cОпись
$1852
$j1
5171#$aМатериалы, касающиеся финансовых мероприятий в Царстве Польском. Общая роспись доходов и расходов Царства Польского. 1863-1865 г.
600#1$aАрцимович
$bВ. А.
$gВиктор Антонович
801#0$aRU
$bGA_RF
801#1$aRU
$bГлавНИВЦ
$c20211122
$2rusmarc
801#2$aRU
$bПБ им. Б.Н. Ельцина
$c20211220
$gRCR
$2rusmarc
852##$aГА РФ
$j310
937##$d171867128
$hГАРФ
035##$aRuPRLIB51062375
856##$uhttp://readingroom.main.prlib.ru/item.aspx?id_node=n171867128&mode=full
Формат отображения